[Event "85th ch-FRA"]
[Site "Belfort FRA"]
[Date "2010.08.11"]
[Round "3"]
[White "Fressinet,L"]
[Black "Sokolov,And1"]
[Result "1/2-1/2"]
[WhiteElo "2697"]
[BlackElo "2596"]

1.d4 Nf6 2.Nf3 e6 3.c4 Bb4+ 4.Bd2 a5 5.g3 b6 6.Bg2 Bb7 7.O-O O-O 8.Bf4 Be7
9.Re1 h6 10.Ne5 Bxg2 11.Kxg2 d5 12.Nc3 Bb4 13.cxd5 Nxd5 14.Qd3 Bxc3 15.bxc3 Nd7
16.Nc6 Qe8 17.c4 Nxf4+ 18.gxf4 Nb8 19.Ne5 Nd7 20.Nf3 Rd8 21.Qb3 Qe7 22.Rad1 Qf6
23.Qe3 Qf5 24.Nh4 Qh5 25.Nf3 Nf6 26.Ne5 Ng4 27.Nxg4 Qxg4+ 28.Qg3 Qh5 29.Rd2 c5
30.e3  1/2-1/2

[Event "Open"]
[Site "Geraardsbergen BEL"]
[Date "2010.08.11"]
[Round "1"]
[White "Saligo,P"]
[Black "Jonckers,M"]
[Result "1-0"]
[WhiteElo "1882"]
[BlackElo "1673"]

1.d4 Nf6 2.c4 e6 3.Nf3 Bb4+ 4.Bd2 Bxd2+ 5.Nbxd2 O-O 6.e3 d5 7.Bd3 Nbd7 8.O-O c5
9.Ne5 Nxe5 10.dxe5 Nd7 11.f4 d4 12.Nf3 h6 13.exd4 cxd4 14.Kh1 Nc5 15.Bb1 Qb6
16.Qxd4 Rd8 17.Qf2 Qc6 18.b4 Ne4 19.Qc2 f5 20.exf6 Nxf6 21.Ne5 Qe8 22.Qf2 b6
23.b5 Bb7 24.Bg6 Qe7 25.Bf7+ Kh7 26.Rae1 Ng4 27.Qc2+  1-0

[Event "e2e4 Autumn Challengers E"]
[Site "Uxbridge ENG"]
[Date "2010.08.13"]
[Round "4"]
[White "Mcbride,J"]
[Black "Atkinson,P"]
[Result "1-0"]
[WhiteElo "1858"]
[BlackElo "2215"]

1.d4 Nf6 2.Nf3 e6 3.c4 Bb4+ 4.Bd2 a5 5.a3 Be7 6.Nc3 d6 7.e4 O-O 8.Be2 b6
9.O-O Bb7 10.Qc2 Na6 11.Rfe1 Nd7 12.Rad1 Bf6 13.Bf1 Re8 14.Bc1 g6 15.Qb1 e5
16.d5 Bg7 17.b4 axb4 18.axb4 Rf8 19.Bd3 Nf6 20.Bg5 h6 21.Bxf6 Bxf6 22.Qb2 Be7
23.Ra1 f5 24.Ra3 f4 25.Rea1 Qc8 26.Be2 g5 27.Ne1 g4 28.f3 h5 29.Nd3 Kh7 30.b5 Nc5
31.Rxa8 Bxa8 32.Nxc5 dxc5 33.Na2 Bf6 34.Nc1 Bb7 35.Nd3 Qd7 36.Ra7 Rb8 37.Nxf4 Qe7
38.Ne6 Qf7 39.fxg4 Qg6 40.Qc3 Kh8 41.Qf3 Bg5 42.Qf5 Be3+ 43.Kf1 Qxf5+ 44.gxf5 h4
45.Nxc7 Kg7 46.Na6  1-0

[Event "XI Miquel Mas Open"]
[Site "Figueres ESP"]
[Date "2010.08.15"]
[Round "6"]
[White "Garcia,Rich"]
[Black "Falgueras Marti,C"]
[Result "1/2-1/2"]
[WhiteElo "1761"]
[BlackElo "2038"]

1.d4 Nf6 2.c4 e6 3.Nf3 Bb4+ 4.Bd2 Bxd2+ 5.Nbxd2 O-O 6.g3 d5 7.Bg2 Nbd7 8.O-O c5
9.e3 cxd4 10.exd4 dxc4 11.Nxc4 Nb6 12.Ne3 Nbd5 13.Nxd5 exd5 14.Rc1 Bg4 15.Qa4 Bxf3
16.Bxf3 Ne4 17.Bxe4 dxe4 18.Rfe1 Qb6 19.Rc3 Qxb2 20.Qc4 b5 21.Qb3 Qxb3 22.Rxb3  1/2-1/2

[Event "e2e4 Autumn Challengers E"]
[Site "Uxbridge ENG"]
[Date "2010.08.15"]
[Round "9"]
[White "Mcbride,J"]
[Black "Kane,Robert"]
[Result "0-1"]
[WhiteElo "1858"]
[BlackElo "1864"]

1.d4 Nf6 2.Nf3 e6 3.c4 Bb4+ 4.Bd2 Qe7 5.a3 Bxd2+ 6.Nbxd2 d6 7.e3 O-O 8.Qc2 e5
9.dxe5 dxe5 10.e4 a5 11.Be2 Nc6 12.Qc3 Re8 13.Rd1 Bg4 14.O-O a4 15.Rfe1 Qc5
16.h3 Bh5 17.Bd3 Nd4 18.Re3 Red8 19.Rde1 Ra6 20.Nh4 Ne6 21.Nf1 Bg6 22.Nxg6 hxg6
23.Bc2 Nf4 24.Kh2 g5 25.g3 Ng6 26.Kg2 Qe7 27.Rd1 g4 28.Rxd8+ Qxd8 29.h4 Nh5
30.Nh2 Qd7 31.Rd3 Rd6 32.Rxd6 cxd6 33.Bd1 Qc6 34.Qc2 f5 35.Kg1 f4 36.Bxg4 fxg3
37.Be6+ Kh8 38.fxg3 Nxg3 39.Bd5 Qc8 40.Qf2 Nf4 41.Qf3 Qc5+  0-1

[Event "44th Magistral"]
[Site "Mislata ESP"]
[Date "2010.08.16"]
[Round "1"]
[White "Matnadze,A"]
[Black "Galego,L"]
[Result "1/2-1/2"]
[WhiteElo "2413"]
[BlackElo "2435"]

1.d4 Nf6 2.Nf3 e6 3.c4 Bb4+ 4.Bd2 c5 5.Bxb4 cxb4 6.e3 O-O 7.Bd3 d6 8.O-O Qe7
9.Nbd2 e5 10.Qc2 Nc6 11.d5 Nb8 12.a3 Na6 13.Be2 Bg4 14.Rfe1 bxa3 15.Rxa3 Nb4
16.Qb1 Bxf3 17.Nxf3 Rfc8 18.Rc1 a5 19.Ne1 g6 20.e4 Kg7 21.Rh3 Rc7 22.Rcc3 Rac8
23.Qc1 Ng8 24.Qe3 h6 25.Nf3 Qd8 26.Nh4 Rc5 27.Nf3 Na6 28.Rb3 R5c7 29.Rb5 a4
30.Nd2 Nc5 31.Qc3 Nf6 32.Qe3 Ng8 33.Bd1 Ra8 34.Qc3 Nf6 35.Qe3 Ng8 36.Qc3 Kh7
37.Be2 Ra6 38.Qe3 Kg7 39.Qc3 Qf6 40.Rf3 Qe7 41.Rg3  1/2-1/2

[Event "Open"]
[Site "Stockholm SWE"]
[Date "2010.08.20"]
[Round "7"]
[White "Georgescu,T"]
[Black "Westerberg,J"]
[Result "1-0"]
[WhiteElo "2404"]
[BlackElo "2182"]

1.Nf3 Nf6 2.d4 e6 3.c4 Bb4+ 4.Bd2 Qe7 5.g3 O-O 6.Bg2 Bxd2+ 7.Nbxd2 d5 8.O-O Rd8
9.Qc2 dxc4 10.Nxc4 c5 11.Rfd1 Bd7 12.Nfe5 Nc6 13.Nxc6 Bxc6 14.Bxc6 bxc6 15.Ne5 cxd4
16.Nxc6 Qc7 17.Rxd4 Rxd4 18.Nxd4 Qxc2 19.Nxc2 Rb8 20.b3 Rd8 21.Ne3 Kf8 22.Rd1 Rc8
23.Nc4 Ke7 24.f3 Nd5 25.Kf2 Rc5 26.e4 Nb6 27.Rc1 a5 28.Ke3 Nd7 29.Kd2 Rb5
30.Kc3 g5 31.a4 Rc5 32.b4 axb4+ 33.Kxb4 Rc8 34.Ra1 Rb8+ 35.Kc3 g4 36.fxg4 Nf6
37.a5 Nxe4+ 38.Kd4 Nf6 39.a6 Rd8+ 40.Ke3 Nd5+ 41.Kf3 f6 42.a7 Ra8 43.Ra5 Kd8
44.g5 fxg5 45.Kg4 Kc7 46.Kxg5 Kb7 47.Nd6+ Kb6 48.Ra1 Nc7 49.Kh6 Kc6 50.Nf7 Nb5
51.Kxh7 Rxa7 52.Rxa7 Nxa7 53.Kg7 Kd5 54.h4 e5 55.h5 e4 56.h6 e3 57.Ng5 e2
58.Nf3 Ke4 59.Ne1 Ke3 60.h7 Kd2 61.Ng2  1-0

[Event "6th Prospero A Pichay Cup"]
[Site "Manila PHI"]
[Date "2010.08.21"]
[Round "1"]
[White "Kazhgaleyev,M"]
[Black "Garma,C"]
[Result "1-0"]
[WhiteElo "2609"]
[BlackElo "2341"]

1.d4 Nf6 2.c4 e6 3.Nf3 Bb4+ 4.Bd2 a5 5.Nc3 O-O 6.Bg5 h6 7.Bh4 g5 8.Bg3 Ne4
9.Qc2 f5 10.e3 b6 11.Nd2 Bb7 12.f3 Nxg3 13.hxg3 Qf6 14.a3 Bd6 15.f4 c5 16.Nb5 Be7
17.O-O-O cxd4 18.exd4 Rc8 19.g4 fxg4 20.fxg5 Qxg5 21.Kb1 Na6 22.Ne4 Qg7 23.Ned6 Rcb8
24.Nxb7 Rxb7 25.Qe4 Rab8 26.Be2 Nc7 27.Nxc7 Rxc7 28.d5 Rc5 29.dxe6 Re5 30.Qxg4 Rg5
31.Qe4 Re5 32.Qg4 Rg5 33.Qh3 Rxg2 34.Rh2 Rxh2 35.Qxh2 d6 36.Rg1 Bg5 37.Qxd6 Rd8
38.Qxb6 Qd4 39.Qxd4 Rxd4 40.Bf3 Kf8 41.Bd5 Rd2 42.Rf1+ Ke7 43.Rf7+ Kd6 44.b4 axb4
45.axb4 Re2 46.Rd7+ Ke5 47.c5 h5 48.c6 Re1+ 49.Kb2  1-0

[Event "TCh-SRB 1st League"]
[Site "Vrnjacka Banja SRB"]
[Date "2010.08.21"]
[Round "1"]
[White "Stamenkovic,A"]
[Black "Benkovic,P"]
[Result "0-1"]
[WhiteElo "2274"]
[BlackElo "2437"]

1.d4 Nf6 2.c4 e6 3.Nf3 Bb4+ 4.Bd2 Bxd2+ 5.Qxd2 O-O 6.Nc3 d5 7.e3 Qe7 8.Rc1 Rd8
9.cxd5 exd5 10.Bd3 Nc6 11.O-O Ne4 12.Qd1 Bg4 13.Be2 Rd6 14.Ne5 Nxc3 15.Rxc3 Bxe2
16.Nxc6 Rxc6 17.Qxe2 Rh6 18.b4 Qxb4 19.Rc5 c6 20.Qc2 Qb6 21.h3 Qd8 22.Rb1 Qd7
23.Rc3 Rg6 24.a4 Rc8 25.a5 h6 26.Rcb3 Rc7 27.Kh1 Re6 28.Qc5 a6 29.Qc2 Re7
30.Qd1 Qf5 31.R1b2 Qe4 32.Qb1 Qxb1+ 33.Rxb1 h5 34.h4 Kf8 35.g3 Ke8 36.Kg2 Kd8
37.Kf3 Kc8 38.Rc1 Re4 39.Rbc3 Rce7 40.Rc5 Kd8 41.R5c3 f6 42.Rh1 Kc7 43.Rb3 g6
44.Rhb1 Kc8 45.Rh1 Rc7 46.Rc3 Kb8 47.Ke2 c5 48.Rhc1 c4 49.Kd2 Re6 50.Rb1 Ka7
51.Ra3 b6 52.axb6+ Rxb6 53.Rba1 Rcb7 54.Kc1  0-1

[Event "TCh-SRB 1st League"]
[Site "Vrnjacka Banja SRB"]
[Date "2010.08.23"]
[Round "3"]
[White "Stamenkovic,A"]
[Black "Arsovic,G"]
[Result "0-1"]
[WhiteElo "2274"]
[BlackElo "2434"]

1.d4 Nf6 2.c4 e6 3.Nf3 Bb4+ 4.Bd2 a5 5.g3 d6 6.Bg2 Nbd7 7.O-O e5 8.Nc3 O-O
9.Qc2 Re8 10.d5 Nc5 11.b3 Na6 12.a3 Bc5 13.e4 Bd7 14.Ne1 c6 15.Nd3 Bd4 16.dxc6 Bxc6
17.Rae1 Rc8 18.a4 h6 19.Re2 Nc7 20.Rfe1 Ne6 21.Nd5 Ba7 22.Bc3 Bxd5 23.exd5 Nd4
24.Bxd4 Bxd4 25.Qd2 Qb6 26.Qd1 Rc7 27.Kh1 Rce7 28.f3 Bc3 29.Rf1 Bd4 30.Qc2 g6
31.Rfe1 Qc7 32.Qd2 Kg7 33.Nc1 Bc5 34.Nd3 Bd4 35.Nc1 Qb6 36.Qc2 Qc7 37.Qd2 Ba7
38.Nd3 Kh7 39.Qc2 Bd4 40.Qd2 Qb6 41.Qc2 Qd8 42.Qd2 Kg7 43.Nc1 Bb6 44.Nd3 Nd7
45.f4 exf4 46.Nxf4 Rxe2 47.Rxe2 Rxe2 48.Nxe2 Qf6 49.Qc3 Ne5 50.Nf4 Qf5 51.Qb2 Be3
52.Nh3 Qd3 53.Qa1 Qxb3 54.Bf1 Kg8 55.Qe1 Bc5 56.Nf4 b6 57.Qe4 Qd1 58.Kg2 Qxa4
59.h4 Qa2+ 60.Be2 f5  0-1

[Event "Open"]
[Site "Bratto ITA"]
[Date "2010.08.24"]
[Round "5"]
[White "Delorme,Ax"]
[Black "Marin,Mi"]
[Result "1/2-1/2"]
[WhiteElo "2455"]
[BlackElo "2597"]

1.d4 Nf6 2.c4 e6 3.Nf3 Bb4+ 4.Bd2 a5 5.g3 d5 6.Bg2 dxc4 7.Qc2 Nc6 8.Qxc4 Qd5
9.Qxd5 exd5 10.O-O Bg4 11.Be3 Ne4 12.h3 Be6 13.Bf4 O-O-O 14.Na3 Bxa3 15.bxa3 Nc3
16.Rfe1 Nb5 17.Rac1 f6 18.a4 Nd6 19.h4 Nc4 20.Nd2 Nxd2 21.Bxd2 Rhe8 22.Rc5 Nxd4
23.Bxa5 Nc6 24.Bd2 Ne5 25.a5 Rd6 26.Rec1 Nc4 27.Bf4 Rc6 28.R1xc4 dxc4 29.Bxc6 bxc6
30.Rxc6 Re7 31.a6 Kb8 32.Be3 Bd5 33.Rc5 c6 34.Kf1 Ra7 35.Ra5 Rd7 36.f3 f5
37.Bf4+ Ka7 38.Be3+ Ka8 39.Rc5 Rd8 40.Bd4 Bxf3 41.exf3 Rxd4 42.Rxc6 f4 43.g4 Rd3
44.Rxc4 Rxf3+ 45.Ke2 Ra3 46.Rxf4 Rxa2+ 47.Kf3 Ra3+ 48.Ke4 Ra4+ 49.Ke5 Ra5+
50.Ke4 Ra4+ 51.Kf3 Ra3+ 52.Kg2 Rxa6 53.Rf8+ Kb7 54.Rf7+ Kc8 55.Rxg7 h5 56.gxh5 Kd8
57.Rg6 Ra4 58.Re6 Rxh4 59.Re5 Kd7 60.Kg3 Rh1 61.Kg4 Kd6 62.Re2 Rg1+ 63.Kf5 Rf1+
64.Kg6 Rg1+ 65.Kh7 Kd7 66.Re4 Rg5 67.h6 Rg1 68.Kh8 Rg6 69.Kh7 Rg1 70.Re2 Rg3
71.Kh8 Rg6 72.h7 Rg1 73.Ra2 Ke7 74.Ra7+ Kf8 75.Ra8+ Kf7 76.Rg8 Rf1 77.Rg7+ Kf8
78.Rg8+  1/2-1/2

[Event "1st Fermo Festival"]
[Site "Porto San Giorgio ITA"]
[Date "2010.08.24"]
[Round "4"]
[White "Vuelban,V"]
[Black "Maksimovic,Mio"]
[Result "1/2-1/2"]
[WhiteElo "2358"]
[BlackElo "2073"]

1.d4 Nf6 2.c4 e6 3.Nf3 Bb4+ 4.Bd2 Qe7 5.Nc3 O-O 6.Qc2 d6 7.a3 Bxc3 8.Bxc3 Nbd7
9.e4 e5 10.d5 a5 11.b3 b6 12.g3 Bb7 13.Bh3 c6 14.O-O cxd5 15.exd5 b5 16.Nh4 Rfc8
17.Nf5 Qf8 18.Ne3 bxc4 19.bxc4 Ba6 20.Qa2 Rc5 21.f4 Rac8 22.fxe5 dxe5 23.Rxf6 Nxf6
24.Bxc8 Qxc8 25.Bxe5 Bxc4 26.Nxc4 Rxc4 27.Bxf6 Rc2 28.Qb3 Qc5+ 29.Kh1 gxf6
30.Qf3 Qd4 31.Rd1 Rd2 32.Rxd2 Qxd2 33.h4 Kf8 34.Qb3 Qe1+ 35.Kg2 Qe2+ 36.Kh3 Qf1+
37.Kh2 Qf2+ 38.Kh1 Qf1+ 39.Kh2 Qf2+ 40.Kh3 Qf1+ 41.Kh2 Qf2+ 42.Kh3 Qf1+ 43.Kh2 Qf2+  1/2-1/2

[Event "25th Open"]
[Site "Schwarzach AUT"]
[Date "2010.08.24"]
[Round "4"]
[White "Egle,S"]
[Black "Wohl,A"]
[Result "0-1"]
[WhiteElo "2205"]
[BlackElo "2375"]

1.d4 Nf6 2.Nf3 e6 3.c4 Bb4+ 4.Bd2 a5 5.g3 Ne4 6.Bxb4 axb4 7.Nbd2 f5 8.Bg2 O-O
9.O-O Nf6 10.Nb3 d6 11.d5 e5 12.Ng5 Qe8 13.Qd2 h6 14.Ne6 Bxe6 15.dxe6 Nc6
16.Bd5 Kh8 17.f4 e4 18.Bxc6 bxc6 19.Nd4 c5 20.Nxf5 Qxe6 21.Ne3 c6 22.Qc2 Rac8
23.Ng2 Qh3 24.Nh4 Kh7 25.Rad1 Rce8 26.e3 Ng4 27.Qe2 Rf6 28.Qg2 Qxg2+ 29.Nxg2 h5
30.Rd2 Ra8 31.Ra1 Kg8 32.a4 Kf7 33.h3 Nh6 34.b3 Rg6 35.Kh2 Ke7 36.Nh4 Rf6
37.Rf1 g5 38.Ng2 g4 39.Nh4 gxh3 40.Kxh3 Rd8 41.f5 Kd7 42.Rf4 Re8 43.Rc2 Kc7
44.Rc1 Re5 45.Rc2 Nf7 46.Rc1 Ng5+ 47.Kg2 Rf7 48.Rc2 Re8 49.Rc1 Nh7 50.g4 hxg4
51.Rxg4 Nf6 52.Rg5 Nd7 53.Ng6 Rg8 54.Kh3 Rh7+ 55.Kg4 Nf6+ 56.Kf4 Rh3 57.Rf1 Re8
58.Rg2 Rh5 59.Rg5 Rh7 60.Rg2 d5 61.Kg5 Rf7 62.Rh2 d4 63.Rh8 d3 64.Rxe8 Nxe8
65.f6 Rxf6 66.Nf4 Kd6 67.Rf2 Rf7 68.Kh6 Rf8 69.Kg6 Kd7 70.Rh2 Rxf4 71.exf4 e3
72.Rh7+ Kd8  0-1

[Event "TCh-SRB 1st League"]
[Site "Vrnjacka Banja SRB"]
[Date "2010.08.24"]
[Round "4"]
[White "Arsovic,Z"]
[Black "Novoselski,Z"]
[Result "1-0"]
[WhiteElo "2446"]
[BlackElo "2418"]

1.Nf3 Nf6 2.c4 e6 3.d4 Bb4+ 4.Bd2 Bxd2+ 5.Qxd2 O-O 6.g3 d5 7.Bg2 Qe7 8.O-O Rd8
9.Rc1 Nc6 10.Ne5 Bd7 11.cxd5 exd5 12.Nxc6 Bxc6 13.Nc3 Rd6 14.b4 a6 15.a4 Be8
16.Qd3 Rad8 17.e3 Rb6 18.b5 axb5 19.axb5 h5 20.h4 g6 21.Qe2 c6 22.Qa2 cxb5
23.Nxd5 Nxd5 24.Bxd5 Ra6 25.Qb3 Rda8 26.Rxa6 Rxa6 27.Rc8 Kg7 28.Bg2 b4 29.Qc4 b5
30.Qc2 Bd7 31.Rc5 Ra1+ 32.Kh2 Qe6 33.d5 Qf6 34.Rc7 Bg4 35.Rc6 Qe5 36.f4  1-0

[Event "1st Fermo Festival"]
[Site "Porto San Giorgio ITA"]
[Date "2010.08.28"]
[Round "8"]
[White "Naumkin,I"]
[Black "Meijers,V"]
[Result "0-1"]
[WhiteElo "2466"]
[BlackElo "2474"]

1.d4 Nf6 2.c4 e6 3.Nf3 Bb4+ 4.Bd2 c5 5.Bxb4 cxb4 6.e3 a5 7.Be2 O-O 8.O-O b6
9.a3 Na6 10.Ne5 Bb7 11.Nd2 Qe7 12.Nd3 Rfc8 13.axb4 Nxb4 14.Qb3 Ne4 15.Nxe4 Bxe4
16.Nxb4 Qxb4 17.Qa3 d5 18.cxd5 exd5 19.f3 Bc2 20.Rfc1 Qd2 21.Bb5 a4 22.Re1 Bb3
23.Re2 Qa5 24.Bd7 Rd8 25.Bc6 Rac8 26.Rc1 b5 27.Qc5 Qa6 28.e4 dxe4 29.fxe4 Bc4
30.Rxc4 bxc4 31.d5 c3 32.Rc2 cxb2 33.Rxb2 a3 34.Ra2 Rb8 35.Qxa3 Rb1+ 36.Kf2 Qb6+  0-1

[Event "BDO Challengers"]
[Site "Haarlem NED"]
[Date "2010.08.29"]
[Round "9"]
[White "Rej,T"]
[Black "Turova,I"]
[Result "1/2-1/2"]
[WhiteElo "2334"]
[BlackElo "2394"]

1.d4 Nf6 2.c4 e6 3.Nf3 Bb4+ 4.Bd2 c5 5.g3 Qb6 6.a3 Bxd2+ 7.Qxd2 Nc6 8.dxc5 Qxc5
9.e3 b6 10.Qc2 Bb7 11.Bg2 Ne5 12.Nbd2 Nxf3+ 13.Bxf3 Bxf3 14.Nxf3 Rc8 15.Rc1 O-O
16.O-O d5 17.Nd2 dxc4 18.Qxc4  1/2-1/2

[Event "TCh-SUI 2010"]
[Site "Switzerland SUI"]
[Date "2010.08.29"]
[Round "7.2"]
[White "Ekstroem,R"]
[Black "Riff,JN"]
[Result "1/2-1/2"]
[WhiteElo "2491"]
[BlackElo "2515"]

1.d4 Nf6 2.c4 e6 3.Nf3 Bb4+ 4.Bd2 Bxd2+ 5.Qxd2 d5 6.Nc3 O-O 7.e3 Qe7 8.Be2 Rd8
9.O-O dxc4 10.Bxc4 c5 11.Qc2 Nc6 12.dxc5 Qxc5 13.Ne4 Qf5 14.Nxf6+ Qxf6 15.Rfd1 Bd7
16.Rd2 Be8 17.Rad1 Rxd2 18.Rxd2 Rd8 19.h3 h6 20.a3 Rxd2 21.Qxd2 Qd8 22.Qxd8 Nxd8  1/2-1/2

[Event "1st Campomanes Memorial Cup Open"]
[Site "Manila PHI"]
[Date "2010.08.31"]
[Round "5"]
[White "Nodado,J"]
[Black "Garma,C"]
[Result "0-1"]
[WhiteElo "2287"]
[BlackElo "2341"]

1.d4 Nf6 2.c4 e6 3.Nf3 Bb4+ 4.Bd2 a5 5.g3 O-O 6.Bg2 d5 7.Qc2 Nc6 8.a3 Be7
9.cxd5 exd5 10.Nc3 Bg4 11.Nb5 Qd7 12.O-O Bf5 13.Qd1 Rfe8 14.Bf4 Bd8 15.Rc1 Ne4
16.Re1 h5 17.h4 f6 18.Nd2 g5 19.Nxe4 Bxe4 20.hxg5 fxg5 21.Be3 h4 22.Qd2 hxg3
23.fxg3 Qg4 24.Bf2 Bf6 25.Nxc7 Bxg2 26.Kxg2 Qe4+ 27.Kg1 Re7 28.Nxa8 Rh7 29.Kf1 Rh2  0-1

[Event "9th Georgiev-Kesarovski Mem"]
[Site "Sunny Beach BUL"]
[Date "2010.09.01"]
[Round "5"]
[White "Todorov,O"]
[Black "Ivanov,Bog"]
[Result "1-0"]
[WhiteElo "2303"]
[BlackElo "2188"]

1.d4 Nf6 2.c4 e6 3.Nf3 Bb4+ 4.Bd2 c5 5.Bxb4 cxb4 6.g3 O-O 7.Bg2 d6 8.O-O Nc6
9.Qd3 Qb6 10.Nbd2 e5 11.c5 dxc5 12.Nc4 Qd8 13.dxe5 Nd7 14.Rfd1 Qe7 15.Qd6 Re8
16.Rac1 Nf8 17.Ne3 Be6 18.Qxe7 Rxe7 19.b3 b6 20.Ng5 Rc8 21.Nxe6 Nxe6 22.Nf5 Ree8
23.Nd6 Nxe5 24.f4 Ng4 25.Nxc8 Rxc8 26.Rd7 a5 27.f5 Nf8 28.Rb7 Ne3 29.Rxb6 Nd7
30.Rd6 Ne5 31.Rxc5  1-0

[Event "9th Georgiev-Kesarovski Mem"]
[Site "Sunny Beach BUL"]
[Date "2010.09.02"]
[Round "6"]
[White "Spassov,L"]
[Black "Orev,P"]
[Result "0-1"]
[WhiteElo "2376"]
[BlackElo "2224"]

1.d4 Nf6 2.c4 e6 3.Nf3 Bb4+ 4.Bd2 Bxd2+ 5.Qxd2 d6 6.Nc3 Nbd7 7.g3 O-O 8.Bg2 Re8
9.O-O e5 10.h3 Qe7 11.e4 Nf8 12.Rfe1 Be6 13.b3 Rad8 14.Nd5 Bxd5 15.cxd5 c6
16.dxc6 bxc6 17.Rac1 Qb7 18.dxe5 dxe5 19.Qc3 Qe7 20.Qxc6 Ne6 21.Qc3 Nd4 22.Nxd4 exd4
23.Qd3 Nd7 24.Rc7 Qb4 25.Rec1 Ne5 26.Qd1 d3 27.Kh1 d2 28.R1c3 g5 29.Re3 Qd4
30.Rc2 Re6 31.Bf1 Rf6 32.Kg1 Rdd6 33.Rcc3 Rc6 34.Bc4 Rfd6 35.Rcd3 Nxd3 36.Rxd3 Qxd3  0-1

[Event "7th Malaysia Open"]
[Site "Kuala Lumpur MAS"]
[Date "2010.09.04"]
[Round "6"]
[White "Cheah,C"]
[Black "Panggabean,H"]
[Result "1/2-1/2"]
[WhiteElo "2003"]
[BlackElo "2212"]

1.d4 Nf6 2.c4 e6 3.Nf3 Bb4+ 4.Bd2 Qe7 5.g3 Nc6 6.Nc3 O-O 7.Bg2 Bxc3 8.Bxc3 Ne4
9.Qc2 Nxc3 10.Qxc3 d6 11.O-O e5 12.dxe5 dxe5 13.e3 Bg4 14.Nd2 Nd8 15.c5 c6
16.b4 f6 17.Bf3 Bxf3 18.Nxf3 Nf7 19.e4 Qe6 20.Kg2 Rfd8 21.a4 Rd7 22.Rfd1 Rad8
23.Qc2 a6 24.h3 Kf8 25.Rab1 Ke7 26.Rdc1 Rd3 27.Qc4 Qxc4 28.Rxc4 Rd1 29.Rb2 R8d7
30.b5 axb5 31.axb5 cxb5 32.Rxb5 Nd8  1/2-1/2

[Event "ch-POR"]
[Site "Amadora POR"]
[Date "2010.09.05"]
[Round "2"]
[White "Ferreira,Jor1"]
[Black "Mateus,F"]
[Result "1-0"]
[WhiteElo "2327"]
[BlackElo "2068"]

1.d4 Nf6 2.c4 e6 3.Nf3 Bb4+ 4.Bd2 Qe7 5.g3 Nc6 6.Nc3 O-O 7.Bg2 Bxc3 8.Bxc3 Ne4
9.Rc1 d6 10.d5 Nxc3 11.Rxc3 Nb8 12.dxe6 fxe6 13.O-O Nc6 14.Nd4 Bd7 15.c5 Nxd4
16.Qxd4 d5 17.Re3 Qf6 18.Re5 Kh8 19.f4 c6 20.Rf3 Rae8 21.Ra3 a6 22.Rb3 Bc8
23.Bh3 Qg6 24.Qd3 Qxd3 25.Rxd3 Kg8 26.e3 Kf7 27.Kg2 Kf6 28.Bg4 Re7 29.Be2 g6
30.Rd1 Kg7 31.Bd3 Kf6 32.g4 Rg7 33.h4 Rh8 34.Rh1 h5 35.g5+ Kf7 36.Rd1 Bd7
37.e4 Re8 38.Kf2 Rgg8 39.Ke3 Rb8 40.exd5 cxd5 41.Rc1 Rgc8 42.b4 Bb5 43.a3 Bxd3
44.Kxd3 Ra8 45.Rc2 Rc7 46.Re1 Rac8 47.Rec1 Ke7 48.a4 Kd7 49.Kd4 Rf8 50.Rf2 Kc6
51.Re1 Kd7 52.Ree2 Rcc8 53.f5 Rxf5 54.Rxf5 exf5 55.b5 axb5 56.axb5 Rd8 57.Re5 Re8
58.Rxd5+ Kc7 59.b6+ Kc8 60.Kc4 Re6 61.Kb5 Rc6 62.Rd4 Re6 63.Ra4 Kb8 64.Rd4 Kc8
65.Kc4 Rc6 66.Kd5 Kd7 67.Ra4 Kd8 68.Ra7 Kc8 69.Ra8+ Kd7 70.Rb8  1-0

[Event "7th Malaysia Open"]
[Site "Kuala Lumpur MAS"]
[Date "2010.09.05"]
[Round "7"]
[White "Safarian,Al"]
[Black "Anasrullah"]
[Result "0-1"]
[WhiteElo "2026"]
[BlackElo "2143"]

1.d4 Nf6 2.c4 e6 3.Nf3 Bb4+ 4.Bd2 Qe7 5.Nc3 b6 6.g3 Ba6 7.b3 Bb7 8.Bg2 c5
9.O-O O-O 10.a3 Ba5 11.dxc5 bxc5 12.Nd5 exd5 13.Bxa5 Nc6 14.Bc3 d4 15.Bb2 Ne5
16.Nxe5 Bxg2 17.Kxg2 Qxe5 18.Qd3 Rab8 19.Rfd1 d5 20.f3 Rfe8 21.Rd2 dxc4 22.Qxc4 Nd5
23.Qd3 Ne3+ 24.Kh1 Qe6 25.b4 Qh3 26.Rg1 Nf1 27.e4 Nxd2 28.Qxd2 Qh5 29.Rf1 Red8
30.bxc5 Qxc5 31.Rc1 Qb6 32.Ba1 Qb3 33.Kg2 Qxa3 34.Rd1 Rd7 35.Qg5 h6 36.Qe5 Rbd8
37.Kh3 Qe3 38.f4 h5 39.Rb1 Qf3 40.f5 Qg4+ 41.Kg2 h4 42.Rb8 h3+ 43.Kf2 Rxb8
44.Qxb8+ Kh7 45.Qe8 d3 46.Ke3 d2  0-1

[Event "7th Malaysia Open"]
[Site "Kuala Lumpur MAS"]
[Date "2010.09.05"]
[Round "7"]
[White "Wang Li"]
[Black "Arun Prasad,S"]
[Result "1-0"]
[WhiteElo "2391"]
[BlackElo "2535"]

1.d4 Nf6 2.c4 e6 3.Nf3 Bb4+ 4.Bd2 c5 5.Bxb4 cxb4 6.g3 O-O 7.Bg2 d6 8.O-O a5
9.Qd3 Qc7 10.Nbd2 Na6 11.Ne1 e5 12.e3 Re8 13.Nc2 Bd7 14.a3 Ba4 15.b3 Bc6
16.axb4 Bxg2 17.Kxg2 Nxb4 18.Nxb4 axb4 19.Ne4 Nxe4 20.Qxe4 Ra3 21.Rab1 g6
22.Rfd1 Ra2 23.Ra1 Qa5 24.Rxa2 Qxa2 25.dxe5 dxe5 26.Rd7 b6 27.Qd5 Rf8 28.c5 bxc5
29.Rc7 h5 30.h4 Qa8 31.Rxc5 Qxd5+ 32.Rxd5 Rc8 33.Rb5 e4 34.Rxb4 Rc3 35.Kf1 f5
36.Rb7 Rc2 37.b4 Rb2 38.b5 Kf8 39.Ke1 Kg8 40.b6 Kf8 41.Kd1 Ke8 42.Kc1 Rb5
43.Kc2 Kd8 44.Kc3 Rc5+ 45.Kd4 Rc6 46.Kd5  1-0

[Event "12th Open"]
[Site "Trieste ITA"]
[Date "2010.09.06"]
[Round "4"]
[White "Kragelj,I"]
[Black "Sorbera,G"]
[Result "1-0"]
[WhiteElo "2226"]
[BlackElo "2057"]

1.d4 Nf6 2.c4 e6 3.Nf3 Bb4+ 4.Bd2 Qe7 5.g3 O-O 6.Bg2 c5 7.Bxb4 cxb4 8.O-O d5
9.Nbd2 Nc6 10.Qc2 Rd8 11.Rad1 Bd7 12.e4 dxc4 13.Nxc4 b5 14.Nce5 Rac8 15.Nxd7 Qxd7
16.Qe2 b3 17.axb3 Nb4 18.Rd2 Rc7 19.Ne5 Qe8 20.Bh3 Rdc8 21.d5 Rc2 22.dxe6 fxe6
23.Rfd1 h6 24.Kg2 Kh7 25.Qe3 Qh5 26.Nf3 Rxd2 27.Rxd2 Qf7 28.e5 Nfd5 29.Qe4+ Kh8
30.Nd4 Qb7 31.f3 Rc1 32.Bxe6 Qa6 33.Bxd5 Nxd5 34.Qxd5 Qa1 35.Qa8+ Kh7 36.Qe4+ Kh8
37.Qa8+ Kh7 38.Qe4+ Kh8 39.Ne2 Rc8 40.e6 Qe1 41.Rc2 Re8 42.Qg6 Rg8 43.e7 h5
44.Qxh5+  1-0

[Event "7th Malaysia Open"]
[Site "Kuala Lumpur MAS"]
[Date "2010.09.07"]
[Round "9"]
[White "Safarian,Al"]
[Black "Ton,T"]
[Result "0-1"]
[WhiteElo "2026"]
[BlackElo "2243"]

1.d4 Nf6 2.c4 e6 3.Nf3 Bb4+ 4.Bd2 Qe7 5.g3 O-O 6.Bg2 Ne4 7.O-O d5 8.Qc2 c6
9.Nc3 Bxc3 10.Bxc3 b6 11.Rfd1 Ba6 12.b3 Nd7 13.Bb2 Rac8 14.a4 Rfd8 15.e3 f5
16.Bf1 c5 17.Ba3 Qe8 18.dxc5 Ndxc5 19.Bxc5 Rxc5 20.b4 Rc7 21.b5 Bb7 22.Rac1 dxc4
23.Rxd8 Qxd8 24.Bxc4 Bd5 25.Qd1 Qc8 26.Ne5 Bxc4 27.Nc6 Rxc6 28.bxc6 Bd5 29.a5 Nc5
30.axb6 axb6 31.Qd4 Qxc6 32.Rc2 Qb5 33.Rb2 Qa5 34.Rb1 Qa6 35.Qb2 Qd3 36.Qxb6 Qe4
37.Kf1 Qg2+ 38.Ke2 Bc4+  0-1

[Event "TCh-FIN 2010-11"]
[Site "Porvoo FIN"]
[Date "2010.09.18"]
[Round "1.2"]
[White "Sammalvuo,T"]
[Black "Miezis,N"]
[Result "0-1"]
[WhiteElo "2465"]
[BlackElo "2519"]

1.d4 Nf6 2.c4 e6 3.Nf3 Bb4+ 4.Bd2 a5 5.g3 d5 6.Bg2 O-O 7.O-O b6 8.Qc2 Bb7
9.Bg5 Be7 10.Rd1 Ne4 11.Bxe7 Qxe7 12.Nbd2 Na6 13.a3 c5 14.cxd5 exd5 15.dxc5 Naxc5
16.Nb3 Rfe8 17.Nxc5 bxc5 18.Nd2 Nf6 19.e3 Rac8 20.Qb3 Bc6 21.Rac1 a4 22.Qc2 Bd7
23.Nb1 Qe5 24.Rd2 h5 25.Qd1 d4 26.e4 Nxe4 27.Re2 Qf5 28.Qd3 Nf6 29.Rxe8+ Rxe8
30.Qc4 Ng4 31.Qf1 Bb5 32.Qxb5 Qxf2+ 33.Kh1 Re2 34.Rg1 Qe3 35.h3 Qxg3 36.Qb8+ Qxb8  0-1

[Event "EYCC Boys U16"]
[Site "Batumi GEO"]
[Date "2010.09.20"]
[Round "1"]
[White "Aghasaryan,R"]
[Black "Ahvenjarvi,Jani"]
[Result "1-0"]
[WhiteElo "2308"]
[BlackElo "2076"]

1.d4 Nf6 2.c4 e6 3.Nf3 Bb4+ 4.Bd2 c5 5.Bxb4 cxb4 6.g3 O-O 7.Bg2 d6 8.O-O Nc6
9.a3 bxa3 10.Nxa3 e5 11.d5 Nb4 12.Nc2 Qb6 13.Qd2 Nxc2 14.Qxc2 Bg4 15.Ne1 Rfc8
16.b3 Qc7 17.Qd2 Bf5 18.Nf3 a5 19.Qb2 Qc5 20.Qa3 Bg4 21.Qxc5 Rxc5 22.Nd2 Bxe2
23.Rfe1 Bd3 24.Re3 Bf5 25.b4 Rc7 26.c5 Nd7 27.Nc4 dxc5 28.d6 Rcc8 29.Bxb7 cxb4
30.Nxe5 b3 31.Rxb3 Nc5 32.Bxc8 Nxb3 33.Bxf5 Nxa1 34.d7 g6 35.Nc6 f6 36.Ne7+  1-0

[Event "39th Olympiad Men"]
[Site "Khanty-Mansiysk RUS"]
[Date "2010.09.21"]
[Round "1"]
[White "Amir,K"]
[Black "Vasquez Schroeder,R"]
[Result "0-1"]
[WhiteElo "2234"]
[BlackElo "2521"]

1.d4 Nf6 2.c4 e6 3.Nf3 Bb4+ 4.Bd2 Qe7 5.g3 Nc6 6.Bg2 Bxd2+ 7.Nbxd2 d6 8.e4 e5
9.d5 Nb8 10.O-O a5 11.c5 O-O 12.cxd6 cxd6 13.Re1 Na6 14.a3 Nc5 15.b4 axb4
16.axb4 Rxa1 17.Qxa1 Nd3 18.Rb1 Qc7 19.Qa3 Nxf2 20.Kxf2 Ng4+ 21.Ke2 Qb6 22.Rf1 Bd7
23.Nc4 Bb5 24.Nd2 Nxh2 25.Rh1 Ng4 26.Kf3 Qf2+ 27.Kxg4 Bd7+ 28.Kh5 Qf6 29.Qe3 g6+  0-1

[Event "39th Olympiad Women"]
[Site "Khanty-Mansiysk RUS"]
[Date "2010.09.23"]
[Round "3"]
[White "Hoang Thi Bao Tram"]
[Black "Ptacnikova,L"]
[Result "0-1"]
[WhiteElo "2285"]
[BlackElo "2282"]

1.d4 Nf6 2.c4 e6 3.Nf3 Bb4+ 4.Bd2 c5 5.e3 O-O 6.Bd3 d6 7.Nc3 b6 8.O-O Bb7
9.Qe2 Bxc3 10.Bxc3 Ne4 11.Bxe4 Bxe4 12.Rfd1 Qe7 13.dxc5 bxc5 14.Nd2 Bb7 15.Nb3 Nc6
16.Rd2 Ba6 17.Qf3 Rac8 18.Rad1 Rfd8 19.Qg3 e5 20.Qg4 f5 21.Qxf5 Bxc4 22.Rxd6 Rf8
23.Qd7 Qh4 24.R6d2 Rcd8 25.g3 Qh5 26.Qxd8 Nxd8 27.Rxd8 Qf3 28.R1d2 Be6 29.Rxf8+ Kxf8
30.Kf1 Bh3+ 31.Ke1 Qh1+ 32.Ke2 Bf1+  0-1